Welche europäische Stadt passt nicht? - Statistiken

Allgemein
  • Dieses Quiz wurde 97 mal gespielt
  • Das Durchschnittsergebnis liegt bei 9 aus 15
Antwortstatistiken
Frage Antwort % Korrekt
Städte in Frankreich Charleroi
94%
Städte in Ländern, die mit B beginnen Belfast
92%
Städte in Binnenstaaten Ljubljana
74%
Hauptstädte von EU-Ländern Belgrad
72%
Städte, die auf einer Insel liegen Malmö
69%
Hauptstädte, die nördlicher als Berlin sind Kiew
68%
Städte, die am Mittelmeer liegen Tirana
65%
Städte in Ländern, die an Tschechien grenzen Budapest
63%
Städte, die zu Jugoslawien gehörten Chişinău
60%
Russische Städte, die zu Europa gehören Nowosibirsk
59%
Millionenstädte, die keine Hauptstädte sind Krakau
53%
Städte, die an der Donau liegen Ostrau
50%
Städte, die bereits vor dem Jahr 0 existierten Madrid
35%
Städte in der Zeitzone UTC ±0 (mittlere Greenwich-Zeit) Sevilla
28%
Städte, die mehr als 500 Meter über dem Meeresspiegel liegen Zürich
10%
Keine übereinstimmenden Quizze gefunden
Verteilung der Resultate
Anzahl Personen mit jedem Resultat
Perzentil nach korrekt beantworteten Fragen
Ihre Resultats-Entwicklung
Sie haben dieses Quiz noch nicht gespielt